Statistics for Minecraft Plants

Click here to take the quiz!

General Stats

  • This quiz has been taken 27 times
  • The average score is 13 of 32

Answer Stats

HintAnswer% Correct
.Grass
91%
.Beetroot
64%
.Carrot
64%
.Potato
64%
.Dandelion
59%
.Fern
59%
.Large Fern
59%
.Poppy
59%
.Tree
59%
.Wheat
59%
.Cactus
55%
.Rose bush
50%
Dead Bush
45%
.Melon
45%
.Pumpkin
45%
.Mushroom
41%
.Sapling
41%
.Sugar cane
41%
.Bamboo
36%
.Kelp
36%
.Oxeye daisy
36%
.Seagrass
32%
.Sweet berry bush
32%
.Nether wart
27%
.Azure bluet
18%
.Chorus fruit
14%
.Cocoa beans
14%
.Lily of the Valley
14%
.Mycelium
14%
.Sea pickle
14%
.Fungus
5%
.Shrub
5%

Score Distribution

Percentile by Number Answered

Percent of People with Each Score

Your Score History

You have not taken this quiz